El método morfológico algebraico... /

Guardado en:
Autor Principal: Caleb Gateño
Formato: Libro
Publicado: Buenos Aires : Cultural Argentina, 0
Materias:
Etiquetas: Agregar Etiqueta
Sin Etiquetas, Sea el primero en etiquetar este registro!
LEADER 00506nam a22001815a 4500
001 CEM.cems001337
005 20060214000000.0
008 130507b######################000#0#####d
003 CEMS
082 0 4 |a 372.4 
100 1 |a Caleb Gateño 
245 1 0 |a El método morfológico algebraico... / 
260 |a Buenos Aires :  |b Cultural Argentina, 0 
300 |a 48 
653 |a Educacion 
653 |a Educacion primaria 
653 |a Lectura-enseñanza 
859 |a CEMS  |b BIB. CEMS - 11 de abril  |h 372.4  |i C165  |p 6271.77  |t Ej.1